=LDR 00000nam 2200000 4500 =001 INLIS000000000007004 =005 20200421090443 =035 ##$$a 0010-061300000007004 =008 200421################g##########0#ind## =041 ##$$a Ind =082 ##$$a 2x2.34 =090 ##$$a 2x2.34, Shi k =100 ##$$a Shiddiqi, Teungku Muhamamd Hasbi Ash =245 1#$$a Koleksi hadits-hadits hukum, Teungku Muhammad Harbi Ash-Shiddiqi : $b 2 /$c Teungku Muhammad Harbi Ash-Shiddiqi =260 ##$$a Jakarta,$c 1993 =300 ##$$a x, 408 hlm ; $c 14,5 x 20,5 cm =650 #4$$a Hadits-Hukum =084 ##$$a 2x2.34 SHI k =250 ##$$a Cet. 4 =990 ##$$a 77.558/Pro-94 =990 ##$$a 77.558/Pro-94